000
00490nam a2200169Ia 4500
008
110201s9999 xx 000 0 und d
082
_b
B3879
_a
K 1645
100
_a
माने लक्ष्मण
245
_a
उपरा
260
_b
ग्रंथाली अभिनव चळवळ
365
_b
20
600
_a
माने लक्ष्मण
630
_a
उपरा
700
_a
माने लक्ष्मण
730
_a
उपरा
942
_c
BOOK
999
_c
830420
_d
830417